000 00946nam a22002057a 4500
999 _c64102
_d64102
003 Ge_BSU
005 20260403155210.0
008 260403s2002 ge ||||| |||| 00| 0 geo d
020 _a9992892250
041 _ageo
080 _a339.138 მ-18
100 _aმაკდონალდი, მალკოლმ
_927251
245 _aმარკეტინგული გეგმები = Marketing Plans :
_bმომზადება და განხორციელება /
_cმთარგმნ.: მაკა ჩხეიძე.
264 _aთბ. :
_b საგანმ., მთარგმნ. და საგამომც. ცენტრი,
_c 2002.
300 _a412გვ. ;
_b 28სმ.
653 _aმარკეტინგი
653 _aვაჭრობის გეგმა
700 _a ჩხეიძე, მაკა
_eმთარგმნელი
_927252
942 _2udc
_cᲬᲘᲒᲜᲘ